Common property water resources (Record no. 496)

MARC details
000 -LEADER
fixed length control field 00621 a2200193 4500
001 - CONTROL NUMBER
control field 066441
003 - CONTROL NUMBER IDENTIFIER
control field OSt
005 - DATE AND TIME OF LATEST TRANSACTION
control field 20210928124142.0
008 - FIXED-LENGTH DATA ELEMENTS--GENERAL INFORMATION
fixed length control field
082 ## - DEWEY DECIMAL CLASSIFICATION NUMBER
Classification number 363.610944
Item number M68C
100 1# - MAIN ENTRY--PERSONAL NAME
Personal name Mishra, Arabinda
245 1# - TITLE STATEMENT
Title Common property water resources
Statement of responsibility, etc by Arabinda Mishra, Nayantara Nayak and Rucha Ghate
260 ## - PUBLICATION, DISTRIBUTION, ETC. (IMPRINT)
Place of publication, distribution, etc New Delhi
Name of publisher, distributor, etc Terri Press
Date of publication, distribution, etc 2008
300 ## - PHYSICAL DESCRIPTION
Extent 207p.
690 ## - LOCAL SUBJECT ADDED ENTRY--TOPICAL TERM (OCLC, RLIN)
Topical term or geographic name as entry element Right of property; Water resources development--Citizen participation; Water-supply, Agricultural--Management; India
700 ## - ADDED ENTRY--PERSONAL NAME
Personal name Nayak, Nayantara
700 ## - ADDED ENTRY--PERSONAL NAME
Personal name Ghate, Rucha
942 ## - ADDED ENTRY ELEMENTS (KOHA)
Source of classification or shelving scheme Dewey Decimal Classification
Koha item type Books
Holdings
Withdrawn status Lost status Source of classification or shelving scheme Damaged status Not for loan Collection code Home library Current library Date acquired Source of acquisition Cost, normal purchase price Full call number Barcode Date last seen Price effective from Koha item type
    Dewey Decimal Classification     General Text Book Central University Of Rajasthan Central University Of Rajasthan 07/03/2012 ECO 850.00 363.610944 M68C 727 21/11/2024 02/09/2020 Books